000 00317nam a22001337a 4500
020 _a978-81-318-0810-8
082 _a574
_bSHA/B
100 _aDr.J.P.SHARMA
245 _aCOMPREHENSIVE BIOLOGY
_bCLASS XII
260 _aDELHI
_bLAXMI PUBLICATIONS
300 _a586
650 _aBIOLOGY FOR CLASS XII
_zINDIA
942 _cBK
999 _c725
_d725